000 00926nam a2200193Ia 4500
999 _c44267
_d44267
001 11025
003 GE_BSU
005 20221216113455.0
008 181216s1977ge xx |||||||||||||| ||geo||
040 _cGE_BSU
041 _ageo
080 _a031=353.1 ქ-27
245 _aქართული საბჭოთა ენციკლოპედია :
_bტ.2: ატოცობა–გარიგა /
_cმთ. რედ: ირ.აბაშიძე [და სხვ..]
264 _aთბილისი :
_bმთ. სამეცნ. რედაქცია,
_c1977.
300 _a704 გვ. :
_bილ., რუკა, სქ.
_c27 სმ.
653 _aქართული საბჭოთა ენციკლოპედია ტ.2: ატოცობა–გარიგა
700 _aაბაშიძე, ირ.
_eმთავარი რედაქტორი
_916452
942 _cBK
_2udc